Aprender con tecnología : investigación internacional sobre modelos educativosde futuro /
Guardado en:
| Autor Principal: | |
|---|---|
| Formato: | Libro |
| Publicado: |
Madrid :
Fundación Telefónica,
2012
|
| Materias: | |
| Etiquetas: |
Agregar Etiqueta
Sin Etiquetas, Sea el primero en etiquetar este registro!
|
| LEADER | 00708nam a22002295a 4500 | ||
|---|---|---|---|
| 001 | CEM.cems013940 | ||
| 008 | 130507s2012##################000#0#####d | ||
| 005 | 20210705092434.0 | ||
| 003 | CEMS | ||
| 245 | 1 | 0 | |a Aprender con tecnología : |b investigación internacional sobre modelos educativosde futuro / |c Rosa María Sainz Peña |
| 260 | |a Madrid : |b Fundación Telefónica, |c 2012 | ||
| 300 | |a 89 p. | ||
| 590 | |a 1079.013 | ||
| 020 | |a 9788408004929 | ||
| 100 | 1 | |a Sáinz Peña, Rosa María | |
| 653 | |a Educación | ||
| 653 | |a Tecnología | ||
| 653 | |a Biblioteca TC | ||
| 653 | |a Educación digital | ||
| 653 | |a Tic | ||
| 653 | |a Aprendizaje colaborativo | ||
| 859 | |a CEMS |b BIB. CEMS - 11 de abril |h TC |p 1079.013 |t Ej.1 | ||
